リズムネタ×ElectroSwingメドレーの出演芸人 - Statistics

General Stats
  • This quiz has been taken 8 times
  • The average score is 3 of 10
Answer Stats
答え % Correct
ちゃんぴおんず
75%
フースーヤ
75%
ヨネダ2000
50%
ちゅんま
25%
コウメ太夫
25%
ふーみん
25%
風穴あけるズ
25%
村民代表南川
0%
永井佑一郎
0%
霜降り明星 せいや
0%
No matching quizzes found
Score Distribution
Percent of People with Each Score
Percentile by Number Answered
Your Score History
You have not taken this quiz